=LDR 00000nam 2200000 4500 =001 INLIS000000000061774 =005 20221114104638 =035 ##$$a 0010-1122000155 =007 ta =008 221114###########################0###### =020 ##$$a 978-623-7358-25-1 =082 ##$$a 899.221 1 =084 ##$$a 899.221 1 DIN m =100 #$$a Dinullah Rayes =245 1#$$a Mata Sukma mata cinta =250 ##$$a Cetakan 1 =260 ##$$a Yogyakarta :$b Buana Grafika,$c 2020 =300 ##$$a xv, 134 halaman : $b ilustrasi ; $c 21 cm =650 #4$$a Puisi-Indonesia =990 ##$$a 28002800 =990 ##$$a 426/51/2022